000
00325nam a22001577a 4500
003
NUST
020
_a
9780753559017
038
_a
khadija
082
_a
006.3
_b
LEE
100
_a
Qiufan
_9
91962
245
_a
A I 2041 /
_c
Kai- Fu Lee
260
_a
U.K
_b
WH Allen
_c
2021
300
_a
p450
563
_a
PB
942
_2
ddc
_c
BK
999
_c
590074
_d
590074